<?xml version="1.0" encoding="UTF-8"?>
<marc:record xmlns:marc="http://www.loc.gov/MARC21/slim">
   <marc:leader>00000nam a2200000 a 4500</marc:leader>
   <marc:datafield ind1="1" ind2=" " tag="100">
      <marc:subfield code="a">Nesser, Håkan</marc:subfield>
      <marc:subfield code="4">aut</marc:subfield>
      <marc:subfield code="e">Verfasser/-in</marc:subfield>
   </marc:datafield>
   <marc:datafield ind1="0" ind2="0" tag="245">
      <marc:subfield code="a">Der unglückliche Mörder</marc:subfield>
   </marc:datafield>
   <marc:datafield ind1="0" ind2="0" tag="245">
      <marc:subfield code="b">Roman</marc:subfield>
   </marc:datafield>
   <marc:datafield ind1="0" ind2="0" tag="245">
      <marc:subfield code="c">Håkan Nesser</marc:subfield>
   </marc:datafield>
   <marc:datafield ind1=" " ind2="1" tag="264">
      <marc:subfield code="a">München</marc:subfield>
      <marc:subfield code="b">Goldmann</marc:subfield>
      <marc:subfield code="c">2001</marc:subfield>
   </marc:datafield>
   <marc:datafield ind1="1" ind2=" " tag="490">
      <marc:subfield code="a">btb</marc:subfield>
   </marc:datafield>
   <marc:datafield ind1="1" ind2=" " tag="520">
      <marc:subfield code="a">7. Folge im fiktiven Maardam und Fortsetzung von "Münsters Fall" : Ein Mann überfährt im Rausch einen Jungen und hofft, man habe ihn nicht gesehen. Dann kommen Erpresserbriefe. Innerhalb einer Woche wird aus dem angesehenen Mann ein Mörder. In die Ermittlungen schaltet sich auch der immer noch beurlaubte Kommissar van Veeteren ein, denn sein missratener Sohn ist unter den Opfern. Ein beklemmender Roman von den Anstrengungen eines Mannes, der sein normales Leben zurückhaben will und dabei über Leichen geht. Gedanken und Gefühle des Mörders und Kommissar van Veeterens, Fragen nach Verantwortung und Freiheit hat Nesser hier in einem spannenden Krimi verpackt, den man nicht aus der Hand legt.</marc:subfield>
   </marc:datafield>
   <marc:datafield ind1=" " ind2=" " tag="020">
      <marc:subfield code="a">344272628</marc:subfield>
      <marc:subfield code="9">344272628</marc:subfield>
   </marc:datafield>
   <marc:datafield ind1=" " ind2=" " tag="300">
      <marc:subfield code="a">320 S.</marc:subfield>
   </marc:datafield>
</marc:record>
